<?xml version="1.0" encoding="UTF-8"?>
<record
    xmlns:xsi="http://www.w3.org/2001/XMLSchema-instance"
    xsi:schemaLocation="http://www.loc.gov/MARC21/slim http://www.loc.gov/standards/marcxml/schema/MARC21slim.xsd"
    xmlns="http://www.loc.gov/MARC21/slim">

  <leader>01808    a2200253   4500</leader>
  <controlfield tag="003">NUST</controlfield>
  <controlfield tag="005">20230102130831.0</controlfield>
  <datafield tag="010" ind1=" " ind2=" ">
    <subfield code="a">   97048421</subfield>
  </datafield>
  <datafield tag="020" ind1=" " ind2=" ">
    <subfield code="a">0890069824 (alk. paper)</subfield>
  </datafield>
  <datafield tag="040" ind1=" " ind2=" ">
    <subfield code="c">Nust</subfield>
  </datafield>
  <datafield tag="082" ind1="0" ind2="0">
    <subfield code="a">364.4,OPT</subfield>
  </datafield>
  <datafield tag="245" ind1="0" ind2="0">
    <subfield code="a">Optical document security /</subfield>
    <subfield code="c">Rudolf L. van Renesse, editor.</subfield>
  </datafield>
  <datafield tag="250" ind1=" " ind2=" ">
    <subfield code="a">2nd ed.</subfield>
  </datafield>
  <datafield tag="260" ind1=" " ind2=" ">
    <subfield code="a">Boston :</subfield>
    <subfield code="b">Artech House,</subfield>
    <subfield code="c">c1998.</subfield>
  </datafield>
  <datafield tag="300" ind1=" " ind2=" ">
    <subfield code="a">xxviii, 505 p. :</subfield>
    <subfield code="b">ill. (some col.) ;</subfield>
    <subfield code="c">24 cm. +</subfield>
    <subfield code="e">1 computer laser optical disc (4 3/4 in.)</subfield>
  </datafield>
  <datafield tag="440" ind1=" " ind2="0">
    <subfield code="a">Artech House optoelectronics library</subfield>
    <subfield code="9">95676</subfield>
  </datafield>
  <datafield tag="505" ind1=" " ind2=" ">
    <subfield code="a">Forensic Aspects of Document Counterfeit (Page-1), Security Design of Valuable Documents and Products (Page-29)  The Evaluation of Document Fraud Resistance(Page-57) Introduction to Optical Document Security (Page-75), Security Papers and Special Effects (Page-113), The Historical Development of Security Printing : Design and Technology(Page-131), Security Printing Techniques,151.: Digital Copying Security Elements (Page-151), Noniridescent Optically Variable Devices (Page-201), Document Protection by Optically Variable Graphics (Kinegram) (Page-247), Zero-Order Grating Microstructures (Page-267), Optical Thin-Film Security Devices (Page-289),  Liquid Crystal Security Devices (Page-329), Iridescent Optically Variable Devices : A Survey (Page-349),  Retroreflective Security Devices (Page-387),  Optical Security in Laminates (Page- 405), Identification Cards (Page-427),  An Introduction to Biometrics (Page-451).</subfield>
  </datafield>
  <datafield tag="650" ind1=" " ind2="0">
    <subfield code="a">Counterfeits and counterfeiting</subfield>
    <subfield code="x">Prevention.</subfield>
    <subfield code="9">95677</subfield>
  </datafield>
  <datafield tag="650" ind1=" " ind2="0">
    <subfield code="a">Forgery</subfield>
    <subfield code="x">Prevention.</subfield>
    <subfield code="9">95678</subfield>
  </datafield>
  <datafield tag="650" ind1=" " ind2="0">
    <subfield code="a">Identification cards</subfield>
    <subfield code="x">Forgeries</subfield>
    <subfield code="x">Prevention.</subfield>
    <subfield code="9">95679</subfield>
  </datafield>
  <datafield tag="650" ind1=" " ind2="0">
    <subfield code="a">Reproduction of money, documents, etc.</subfield>
    <subfield code="x">Prevention.</subfield>
    <subfield code="9">95680</subfield>
  </datafield>
  <datafield tag="700" ind1="1" ind2=" ">
    <subfield code="a">Van Renesse, Rudolf L.</subfield>
    <subfield code="9">95681</subfield>
  </datafield>
  <datafield tag="942" ind1=" " ind2=" ">
    <subfield code="c">BK</subfield>
    <subfield code="2">ddc</subfield>
    <subfield code="k">364.4,OPT</subfield>
  </datafield>
  <datafield tag="999" ind1=" " ind2=" ">
    <subfield code="c">175304</subfield>
    <subfield code="d">175304</subfield>
  </datafield>
  <datafield tag="952" ind1=" " ind2=" ">
    <subfield code="0">0</subfield>
    <subfield code="1">0</subfield>
    <subfield code="2">ddc</subfield>
    <subfield code="4">0</subfield>
    <subfield code="7">0</subfield>
    <subfield code="a">MCS</subfield>
    <subfield code="b">MCS</subfield>
    <subfield code="c">GEN</subfield>
    <subfield code="d">2016-12-12</subfield>
    <subfield code="o">364.4,OPT</subfield>
    <subfield code="p">MCS26974</subfield>
    <subfield code="r">2016-12-08</subfield>
    <subfield code="w">2016-12-12</subfield>
    <subfield code="y">BK</subfield>
    <subfield code="z">Almirah No.54, Shelf No.1</subfield>
  </datafield>
</record>
